| 000 | 00711nam a22002057a 4500 | ||
|---|---|---|---|
| 999 |
_c16404 _d16404 |
||
| 003 | AR-CdUCM | ||
| 008 | 190503b ||||| |||| 00| 0 spa d | ||
| 040 |
_aMUNICIPALIDAD PROVINCIAL DEL CUSCO _cBIBLIOTECA MUNICIPAL DEL CUSCO |
||
| 082 |
_a333 / _bR76. |
||
| 100 |
_aRomero, Emilio _91531 |
||
| 245 | _aGeografía Económica del Perú / | ||
| 260 |
_aLima : _bMCMLXI, _c1930. |
||
| 300 |
_a513 paginas ; _c23 cm. |
||
| 505 | _aContenido :Los productos agrícolas --La ganadería --Energética --La explotación de minas --Geografía política / | ||
| 650 |
_aGeografía Económica _93160 |
||
| 650 |
_aRecursos naturales _91988 |
||
| 650 |
_aPerú _935 |
||
| 942 |
_2ddc _cLIBROS |
||
| 945 |
_arjall _d2019-05-03 |
||